Witcher 3 - Statistics

General Stats
  • This quiz has been taken 302 times
  • The average score is 12 of 17
Answer Stats
Hint Answer % Correct
Romancable characters Triss Merigold
95%
King of Redania Radovid V
91%
Yennefer of Vengerberg
89%
Leader of the Blue Stripes Vernon Roche
85%
Potion which grants vision in darkness Cat
83%
Female medic in Hearts of Stones Shani
82%
Gwent faction introduced in Blood and Wine Skellige
73%
Geralt of Rivia
72%
The beast of White Orchard Griffin
72%
Gwent cards with highest strength rating Cirilla Fiona Elen Riannon
70%
Dwarven banker of Novigrad Vimme Vivaldi
67%
Capital of Toussaint Beauclair
63%
Werewolf in Freya's Garden Morkvarg
59%
Who is the Jarl of clan Drummond Madman Lugos
55%
Spy named after a currency Thaler
51%
Brothel in Novigrad Passiflora
45%
Crippled Kate's
27%
No matching quizzes found
Score Distribution
Percent of People with Each Score
Percentile by Number Answered
Your Score History
You have not taken this quiz